The geography of economic systems
This book introduce about geographic fundamentals, economic fundamentals, theories of location, exchange and interaction, regional economic structure. The world's industrial heartland economies...
Wedi'i Gadw mewn:
| Prif Awdur: | |
|---|---|
| Fformat: | Llyfr |
| Iaith: | Undetermined |
| Cyhoeddwyd: |
Englewood Cliffs, N.J.
Prentice-Hall
1976
|
| Pynciau: | |
| Tagiau: |
Ychwanegu Tag
Dim Tagiau, Byddwch y cyntaf i dagio'r cofnod hwn!
|
| Thư viện lưu trữ: | Trung tâm Học liệu Trường Đại học Cần Thơ |
|---|
| LEADER | 00767nam a2200193Ia 4500 | ||
|---|---|---|---|
| 001 | CTU_231806 | ||
| 008 | 210402s9999 xx 000 0 und d | ||
| 082 | |a 330.9 | ||
| 082 | |b B534 | ||
| 100 | |a Berry, Brian J. L. | ||
| 245 | 4 | |a The geography of economic systems | |
| 245 | 0 | |c Brian J. L. Berry, Edgar C. Conkling, D. Michael Ray | |
| 260 | |a Englewood Cliffs, N.J. | ||
| 260 | |b Prentice-Hall | ||
| 260 | |c 1976 | ||
| 520 | |a This book introduce about geographic fundamentals, economic fundamentals, theories of location, exchange and interaction, regional economic structure. The world's industrial heartland economies... | ||
| 650 | |a Địa lý kinh tế,Economic geography | ||
| 910 | |b dqhieu | ||
| 980 | |a Trung tâm Học liệu Trường Đại học Cần Thơ | ||